000 nam a22 7a 4500
999 _c2908
_d2908
005 20170518152102.0
008 170518b1998 enk||||| |||| 00| 0 eng d
020 _a1861521626 :
_c$99.95
040 _aAKMAL
082 _a658 IEB
090 _a658
_bIEB
245 0 4 _aThe IEBM handbook of management thinking /
_cedited by Malcolm Warner.
246 3 0 _aHandbook of management thinking
246 1 _aInternational encyclopedia of business & management
_iAt head of title on cover:
250 _a 1st ed.
260 _aLondon ;
_aBoston :
_b International Thomson Business Press,
_c1998
300 _a xxix, 781 p. :
_bill. ;
_c25 cm
504 _a Includes bibliographical references and index.
650 0 _aManagement
_x Handbooks, manuals, etc.
_96102
650 0 _aBusiness
_xHandbooks, manuals, etc.
_96103
700 1 _aWarner, Malcolm.
_96104
942 _2ddc
_cBOOK